000 nam a22 a 4500
999 _c149228
_d149228
003 BLK
005 20210202141633.0
008 180410b bul|||||r ||||||| ||bul||
010 _aKNG00155472000
020 _a954-428-037-5
040 _aBLK
041 _aBUL
_cBUL
080 _aТехника на транспортните средства
_b629
_x(031)
_z629(031)
139 _aКолела и крила
_bК 78
245 1 0 _aКолела и крила
_bЕнциклопедия за деца
_cпрев. от англ. Владилен Попов.
257 _aSB
260 _bХемус
_bТайм Лайф
_c1993
_aСофия
300 _a88 с.
_bс цв. ил.
_c30 см
380 _aDN
490 _aБиблиотека Искам всичко да знам
_9207086
500 _aПрев. е направен от англ. изд. Wheels and Wings ; Ориг. загл. на япон. ез. - Офс. изд. - 25000 тир.
650 4 _aЕнциклопедии, детски
_9154962
650 4 _aТранспортни средства - енциклопедии
_9330384
653 _aсамолети
653 _aвлакове
653 _aавтомобили
653 _aенциклопедии
653 _aдетска литература
700 1 _aПопов, Владилен
_eпрев. от англ.
_9330383
852 _aЦб ІІ 19716
856 4 _qpdf
856 4 _qpdf
942 _cKNG
_n0
_02
_s1
944 _aCR
_c09.01.2014
_l09.01.2014 - от С1,Р / 09.01.2014
_kГеновева_Генчева
944 _aED
_c10.01.2014
_l09.01.2014 - от С1,Р / 09.01.2014
999 _d149228
999 _d149228